Depois da bonança pode vir tempestade (Registro n. 300311)
[ somente texto ]
| 000 -LÍDER | |
|---|---|
| fixed length control field | 00924nab a2200277 4500 |
| 003 - CÓDIGO MARC DA AGÊNCIA CATALOGADORA | |
| Campo de controle | BR-BrBNA |
| 005 - DATA E HORA DA ÚLTIMA ATUALIZAÇÃO | |
| Campo de controle | 20240814105030.0 |
| 008 - CAMPO DE TAMANHO FIXO | |
| fixed length control field | 240630b bl.||||| |||| 00| 0 por d |
| 040 ## - FONTE DA CATALOGAÇÃO | |
| Agência catalogadora | BR-BrBNA |
| Idioma da catalogação | por |
| 072 ## - CATEGORIA AGRIS | |
| Código AGRIS | F01 ; E10 ; E71 |
| Código do objeto | 0430 ; 8927 |
| 100 ## - ENTRADA PRINCIPAL - NOME PESSOAL | |
| Nome pessoal | Oliveira, Antônio |
| 245 ## - TÍTULO PRINCIPAL | |
| Título principal | Depois da bonança pode vir tempestade |
| Subtítulo | Cotonicultura |
| 500 ## - NOTA GERAL | |
| Nota geral | 3 illus.; 2 graphs |
| 942 ## - ADDED ENTRY ELEMENTS (KOHA) | |
| Koha item type | |
| 650 ## - ASSUNTO - THESAGRO | |
| Cabeçalho tópico ou nome geográfico | COTONICULTURA |
| 650 ## - ASSUNTO - THESAGRO | |
| Cabeçalho tópico ou nome geográfico | ALGODÃO |
| 650 ## - ASSUNTO - THESAGRO | |
| Cabeçalho tópico ou nome geográfico | PLUMA |
| 650 ## - ASSUNTO - THESAGRO | |
| Cabeçalho tópico ou nome geográfico | FIBRA VEGETAL |
| 650 ## - ASSUNTO - THESAGRO | |
| Cabeçalho tópico ou nome geográfico | POLÍTICA AGRÍCOLA |
| 650 ## - ASSUNTO - THESAGRO | |
| Cabeçalho tópico ou nome geográfico | MERCADO INTERNACIONAL |
| 650 ## - ASSUNTO - THESAGRO | |
| Cabeçalho tópico ou nome geográfico | SELO DE QUALIDADE |
| 650 ## - ASSUNTO - THESAGRO | |
| Cabeçalho tópico ou nome geográfico | PESQUISA |
| 650 ## - ASSUNTO - THESAGRO | |
| Cabeçalho tópico ou nome geográfico | OESTE DA BAHIA |
| 773 0# - ENTRADA ANALÍTICA | |
| Host Biblionumber | 4604 |
| Registro do item | 317198 |
| Imprenta | Palmas - Tocantins Terranova Gráfica e Editora Jornalística Ltda 2005 |
| Outro identificador | 2024-3822 |
| Título | Cerrado Rural Agronegócios (Brazil) |
| ISSN | 1980-2595 |
| Colação | v. 4(28) p. 26-29; (Oct 2007) |
| Número de controle de registro | BR2024001889 |
Nenhum exemplar disponível.

BINAGRI